| 000 | 00954nac a22002657a 4500 | ||
|---|---|---|---|
| 001 | BR9300693 | ||
| 003 | BR-BrBNA | ||
| 005 | 20240105121356.0 | ||
| 008 | 230509b bl.|||m| |||| 00| 0 por d | ||
| 040 |
_aBR-BrBNA _bpor _cBiblioteca Nacional de Agricultura |
||
| 072 | _aL73; L70 | ||
| 090 | _a5300 BR9300693 | ||
| 100 | 1 | _aPiffer, I.A. | |
| 100 | 1 | _aBrito, J.R.F. | |
| 110 | 1 | _aCentro Nacional de Pesquisa de Suinos e Aves, Concordia, SC (Brasil) | |
| 245 | 1 | _aDescricao de um modelo para avaliacao e quantificacao de lesoes pulmonares de suinos e formulacao de um indice para classificacao de rebanhos | |
| 260 | 3 |
_aConcordia, SC (Brasil): _c1991. |
|
| 300 | _a12 p. | ||
| 490 |
_aDocumentos - Centro Nacional de Pesquisa de Suinos e Aves (Brazil) _vno. 23 _xISSN 0101-6245 |
||
| 500 | _a5 ref.; 8 tables | ||
| 650 | _aSuino | ||
| 650 | _aDoenca Respiratoria | ||
| 909 |
_a202312 _bLúcia Elande _c55 _dLúcia Elande |
||
| 942 |
_2AGRIS _n0 _cMS |
||
| 999 |
_c284943 _d284943 |
||